000 00725nam a2200241Ia 4500
008 180523s9999 xx 000 0 und d
020 _a0-8261-2064-4
050 _aMAIN RJ 380
050 _b.F54 2004
100 _aFleming, Juanita W.
245 0 _aHome health care for children who are technology dependent /
245 0 _cJuanita W. Fleming.
260 _aNew York :
260 _bSpringer Publishing,
260 _c2004
300 _a253 pages :
300 _c23 cm.
500 _aIncludes bibliographical references and index.
650 _aChronically ill children -- Services of.
650 _aHome care services.
650 _xHandicapped childresn -- Service for.
650 _xMedical technology.
999 _c357655
_d357655